Online katalóg knižníc regiónu Turca

Blumentálske blues (Record no. 20030)

MARC details
000 -LEADER
fixed length control field 02315cam a2200661 a 4500
001 - CONTROL NUMBER
control field 20030
003 - CONTROL NUMBER IDENTIFIER
control field VRT
005 - DATE AND TIME OF LATEST TRANSACTION
control field 20260114143730.0
008 - FIXED-LENGTH DATA ELEMENTS--GENERAL INFORMATION
fixed length control field 240314s2010 xo o g 000 0aslo
015 ## - NATIONAL BIBLIOGRAPHY NUMBER
National bibliography number SNBA2011/06-03358
020 ## - INTERNATIONAL STANDARD BOOK NUMBER
International Standard Book Number 9788081140648
Qualifying information (viaz.)
035 ## - SYSTEM CONTROL NUMBER
System control number 095506C9-0DF5-425F-B25B-51F0AAD8CCCA
035 ## - SYSTEM CONTROL NUMBER
System control number urn:nbn:sk:snk-amjgzi
035 ## - SYSTEM CONTROL NUMBER
System control number urn:nbn:sk:snk-am002gjp
039 #9 - LEVEL OF BIBLIOGRAPHIC CONTROL AND CODING DETAIL [OBSOLETE]
Level of rules in bibliographic description 202403141500
Level of effort used to assign nonsubject heading access points VLOAD
Level of effort used to assign subject headings 202312071133
Level of effort used to assign classification msnk170
Level of effort used to assign subject headings 201808091524
Level of effort used to assign classification VLOAD
Level of effort used to assign subject headings 201806081407
Level of effort used to assign classification msnk143
040 ## - CATALOGING SOURCE
Original cataloging agency SVKBB
Language of cataloging slo
Transcribing agency SVKBB
Modifying agency SNK
Description conventions AACR2
041 0# - LANGUAGE CODE
Language code of text/sound track or separate title slo
Language code of original eng
043 ## - GEOGRAPHIC AREA CODE
Geographic area code e-xo---
044 ## - COUNTRY OF PUBLISHING/PRODUCING ENTITY CODE
MARC country code xo
ISO country code SK
072 #7 - SUBJECT CATEGORY CODE
Subject category code 929
Subject category code subdivision Biografie
Source konspekt
072 #7 - SUBJECT CATEGORY CODE
Subject category code 78
Subject category code subdivision Hudba
Source konspekt
080 ## - UNIVERSAL DECIMAL CLASSIFICATION NUMBER
Universal Decimal Classification number 929
Edition identifier 2001
080 ## - UNIVERSAL DECIMAL CLASSIFICATION NUMBER
Universal Decimal Classification number 316.72/.75
Edition identifier 2001
080 ## - UNIVERSAL DECIMAL CLASSIFICATION NUMBER
Universal Decimal Classification number (437.6)
Edition identifier 2001
080 ## - UNIVERSAL DECIMAL CLASSIFICATION NUMBER
Universal Decimal Classification number (0:82-94)
Edition identifier 2001
080 ## - UNIVERSAL DECIMAL CLASSIFICATION NUMBER
Universal Decimal Classification number 78.071.1/.2
Edition identifier 2001
080 ## - UNIVERSAL DECIMAL CLASSIFICATION NUMBER
Universal Decimal Classification number 792.021.071.1
Edition identifier 2001
080 ## - UNIVERSAL DECIMAL CLASSIFICATION NUMBER
Universal Decimal Classification number 316.72/.75-027.22
Edition identifier 2001
100 1# - MAIN ENTRY--PERSONAL NAME
Personal name Berka, Tomáš,
Dates associated with a name 1947-
Relationship aut
245 10 - TITLE STATEMENT
Title Blumentálske blues
Statement of responsibility, etc. Tomáš Berka ; [fotografie Juraj Baroš ... [et al.]
250 ## - EDITION STATEMENT
Edition statement 1. vyd.
260 ## - PUBLICATION, DISTRIBUTION, ETC.
Place of publication, distribution, etc. Bratislava
Name of publisher, distributor, etc. Marenčin PT
Date of publication, distribution, etc. 2010
300 ## - PHYSICAL DESCRIPTION
Extent 455 s.
Other physical details fotogr.
Dimensions 20 cm
600 17 - SUBJECT ADDED ENTRY--PERSONAL NAME
Personal name Berka, Tomáš,
Dates associated with a name 1947-
Source of heading or term SNKMA
610 27 - SUBJECT ADDED ENTRY--CORPORATE NAME
Corporate name or jurisdiction name as entry element Fremata (hudobná skupina)
Source of heading or term SNKKA
650 07 - SUBJECT ADDED ENTRY--TOPICAL TERM
Topical term or geographic name entry element hudobníci
Source of heading or term SNKPH
650 07 - SUBJECT ADDED ENTRY--TOPICAL TERM
Topical term or geographic name entry element Musicians
Source of heading or term SNKPHeng
650 07 - SUBJECT ADDED ENTRY--TOPICAL TERM
Topical term or geographic name entry element kultúra a spoločnosť
Source of heading or term SNKPH
650 07 - SUBJECT ADDED ENTRY--TOPICAL TERM
Topical term or geographic name entry element scénografi
Source of heading or term SNKPH
650 07 - SUBJECT ADDED ENTRY--TOPICAL TERM
Topical term or geographic name entry element Set designers
Source of heading or term SNKPHeng
650 07 - SUBJECT ADDED ENTRY--TOPICAL TERM
Topical term or geographic name entry element Culture and society
Source of heading or term SNKPHeng
650 07 - SUBJECT ADDED ENTRY--TOPICAL TERM
Topical term or geographic name entry element kultúrny život
Source of heading or term SNKPH
651 #7 - SUBJECT ADDED ENTRY--GEOGRAPHIC NAME
Geographic name Bratislava (Slovensko)
Source of heading or term SNKPH
651 #7 - SUBJECT ADDED ENTRY--GEOGRAPHIC NAME
Geographic name Bratislava (Slovakia)
Source of heading or term SNKPHeng
655 #7 - INDEX TERM--GENRE/FORM
Genre/form data or focus term autobiografické spomienky
Source of term SNKPH
655 #7 - INDEX TERM--GENRE/FORM
Genre/form data or focus term Autobiographical reminiscences
Source of term SNKPHeng
700 1# - ADDED ENTRY--PERSONAL NAME
Personal name Bartoš, Juraj,
Dates associated with a name 1944-
Relationship pht
942 ## - ADDED ENTRY ELEMENTS (KOHA)
Source of classification or shelving scheme Dewey Decimal Classification
Koha item type Odborná literatúra pre dospelých
Suppress in OPAC No
949 ## - LOCAL PROCESSING INFORMATION (OCLC)
6 2889169409
a savukM 112466
b savuk2011/528
949 ## - LOCAL PROCESSING INFORMATION (OCLC)
6 17A0695593
a snkSC 144800
b snk2011/7458
o 776/11
949 ## - LOCAL PROCESSING INFORMATION (OCLC)
6 17A0695594
a snkSC 144800 D1
b snk2011/7459
o 776/11
s 6100:20140925
949 ## - LOCAL PROCESSING INFORMATION (OCLC)
6 270001000378667
a svkbbA 130544
b svkbbm 716077
949 ## - LOCAL PROCESSING INFORMATION (OCLC)
6 273K0528323
a svkpoA 210147
b svkpo533738
949 ## - LOCAL PROCESSING INFORMATION (OCLC)
6 0133095694
a snmk
b snmk95694
949 ## - LOCAL PROCESSING INFORMATION (OCLC)
6 270001000377653
a svkbbA 130544-a
b svkbbm 716342
980 ## - EQUIVALENCE OR CROSS-REFERENCE-SERIES STATEMENT--PERSONAL NAME/TITLE [LOCAL, CANADA]
Personal name 78.071.1/.2
Holdings
Stav vyradenia Strata Poškodenie Spôsob nadobudnutia Domovská knižnica Aktuálna knižnica Dátum nadobudnutia Total checkouts Čiarový kód exemplára Date last seen Typ exemplára
      Dar Obecná knižnica Horná Štubňa Obecná knižnica Horná Štubňa 14.01.2026   9788081140648 14.01.2026 Odborná literatúra pre dospelých
Projekt je podporený Slovenskou asociáciou knižníc
Prevádzkuje Turčianska knižnica Martin 2026